000 004800000a22001810004500
003 MACL
005 20151220153055.0
008 151220b xxu||||| |||| 00| 0 eng d
040 _aMACL
_cMACL
041 _aEnglish
082 _a720/THA
100 _aBush, Albert
_921663
245 _aSkidmore Owings & Merrill Architecture and Urbanism 1973-1983
260 _bThames and Hudson
_c1984
_aGermany
350 _a2783
650 _aArchitecture
_9259
942 _cBK
_k720/THA
_2ddc
999 _c40183
_d40183